[Event "GER-ch U18 Girls"]
[Site "Willingen"]
[Date "2016.05.17"]
[Round "5"]
[White "Hund, Sarah"]
[Black "Stallknecht, Britta"]
[Result "1/2-1/2"]
[WhiteElo "1951"]
[BlackElo "1769"]
[PlyCount "59"]
[EventDate "2016.05.15"]
[EventType "swiss"]
[EventRounds "9"]
[EventCountry "GER"]
[SourceTitle "CBM 172 Extra"]
[Source "ChessBase"]
[SourceDate "2016.06.21"]
[SourceVersion "1"]
[SourceVersionDate "2016.06.21"]
[SourceQuality "1"]

1. e4 c5 2. Nc3 Nc6 3. f4 e6 4. Nf3 Nge7 5. d4 cxd4 6. Nxd4 g6 7. Be3 Bg7 8. Ndb5 0-0 9. Nd6 Bxc3+ 10. bxc3 f5 11. e5 Nd5 12. Bd2 b6 13. Bc4 Nc7 14. Bc1 Ne8 15. Nb5 Bb7 16. Ba3 Rf7 17. 0-0 a6 18. Nd4 Nc7 19. Rf2 Nxd4 20. cxd4 Nd5 21. Bb3 b5 22. c4 bxc4 23. Bxc4 Ne3 24. Qb3 Nxc4 25. Qxc4 Bc6 26. Rc1 Kh8 27. Rc3 Rg7 28. Qc5 Rg8 29. Rb2 Re8 30. Rc1 1/2-1/2